=LDR 00000nam 2200000 4500 =001 INLIS000000000048726 =005 20170104111628.0 =006 =007 =008 =020 ##$$a 978-979-709-892-6 =035 ##$$0010-011700000000007 =040 ##$$a NBPDMAT =082 ##$$a 920.72 =090 ##$$a 920.72 Unt u =245 ##$$a Untold story Susi Pudjlastuti $b ; dari laut ke udara, kembali ke laut $c / editor A Bobby Pr, MUlyawan Karim =250 ##$$a Cet. 3 =260 ##$$a Jakarta $b Kompas $c 2015 =300 ##$$a xvii, 268 hlm. ; $b ilus. ; $c 21 cm =500 ##$$a Indeks ; hlm. 263 - 268 =650 ##$$a Biografi Susi Pudjiastuti =700 ##$$a A Bobby Pr =850 ##$$a NBPDMAT =990 ##$$a 21602176 =990 ##$$a 0022/BPAP-NTB/2017